000 00484nam a2200133 a 4500
008 120416s1948 ||||||||||||||||| || u
050 _aBF 408 Sar
100 _aSartre, Jean-Paul
245 1 4 _aThe Psychology of imagination
260 _aLondon
_bMethuen
_c1948
300 _axvii, 234p. : ill.
350 _a0.00
995 _D0.00
_FCBU-MAIN LIBRARY (Kitwe)
_H1
_I0.00
_M1
_UAVAILABLE
_WMay 15, 2006
_ZMain Library Open Access Collection
999 _c55235
_d55235